000 00313 a2200109 4500
001 ART_42195
005 20260410161806.0
008 260409a
245 1 0 _aDerecho concursal
100 1 _aTruffat, Edgardo Daniel
773 0 _tDoctrina Societaria y Concursal
_g- NÂș 297 (ago. 2012)
_wREV4298
999 _c21039
_d21039